Т. 51, № 10; Известия вузов. Физика; Предисловие; Ионная имплантация в гетероэпитаксиальный CdxHg1-xTe, выращенный методом молекулярно-лучевой эпитаксии; Высокотемпературная сверхэластичность в монокристаллах CoNiGa,CoNiAl, NiFeGa, TiNi; Детекторы гамма-излучений на основе GaAs<Cr> для исследования наноструктур; Термоактивируемые перестройки структуры бинарного сплава Cu3Au при отклонении от стехиометрического состава; Радиоволновая томография скрытых объектов для систем безопасности; Оптические свойства нелинейных кристаллов твердых растворов GaSe1-xSx,0<х<0,4; Исследование структуры пористого никелида титана после термической обработки; Комплексный подход к исследованию фотоники молекул

Dettagli Bibliografici
Parent link:Известия вузов. Физика/ Министерство общего и профессионального образования Российской Федерации ; Томский Госуниверситет. Т. 51, № 10.— , 1958-.— 0021-3411
Lingua:russo
Pubblicazione: 2008
TOC:Предисловие;
А. В. Войцеховский, Д. В. Григорьев, Н. Х. Талипов, Ионная имплантация в гетероэпитаксиальный CdxHg1-xTe, выращенный методом молекулярно-лучевой эпитаксии;
Ю. И. Чумляков [и др.], Высокотемпературная сверхэластичность в монокристаллах CoNiGa,CoNiAl, NiFeGa, TiNi;
Г. И. Айзенштат [и др.], Детекторы гамма-излучений на основе GaAs<Cr> для исследования наноструктур;
А. И. Потекаев [и др.], Термоактивируемые перестройки структуры бинарного сплава Cu3Au при отклонении от стехиометрического состава;
В. П. Якубов [и др.], Радиоволновая томография скрытых объектов для систем безопасности;
Ш.-А. Ку [и др.], Оптические свойства нелинейных кристаллов твердых растворов GaSe1-xSx,0<х<0,4;
В. Н. Ходоренко, В. Э. Гюнтер, Исследование структуры пористого никелида титана после термической обработки;
В. Я. Артюхов [и др.], Комплексный подход к исследованию фотоники молекул;
Natura: MixedMaterials Libro
KOHA link:https://koha.lib.tpu.ru/cgi-bin/koha/opac-detail.pl?biblionumber=420288

MARC

LEADER 00000nam2a2200000 4500
001 420288
005 20231101073343.0
035 |a (RuTPU)RU\TPU\prd\77786 
035 |a RU\TPU\prd\61035 
090 |a 420288 
100 |a 20100303a19589999k y0rusy50 ca 
101 0 |a rus 
102 |a RU 
200 0 |a Т. 51, № 10 
210 |d 2008 
461 1 |0 (RuTPU)RU\TPU\prd\191  |x 0021-3411  |t Известия вузов. Физика  |f Министерство общего и профессионального образования Российской Федерации ; Томский Госуниверситет  |v Т. 51, № 10  |d 1958- 
464 |t Предисловие 
464 |t Ионная имплантация в гетероэпитаксиальный CdxHg1-xTe, выращенный методом молекулярно-лучевой эпитаксии  |f А. В. Войцеховский, Д. В. Григорьев, Н. Х. Талипов 
464 |t Высокотемпературная сверхэластичность в монокристаллах CoNiGa,CoNiAl, NiFeGa, TiNi  |f Ю. И. Чумляков [и др.] 
464 |t Детекторы гамма-излучений на основе GaAs<Cr> для исследования наноструктур  |f Г. И. Айзенштат [и др.] 
464 |t Термоактивируемые перестройки структуры бинарного сплава Cu3Au при отклонении от стехиометрического состава  |f А. И. Потекаев [и др.] 
464 |t Радиоволновая томография скрытых объектов для систем безопасности  |f В. П. Якубов [и др.] 
464 |t Оптические свойства нелинейных кристаллов твердых растворов GaSe1-xSx,0<х<0,4  |f Ш.-А. Ку [и др.] 
464 |t Исследование структуры пористого никелида титана после термической обработки  |f В. Н. Ходоренко, В. Э. Гюнтер 
464 |t Комплексный подход к исследованию фотоники молекул  |f В. Я. Артюхов [и др.] 
801 0 |a RU  |b 63413507  |c 20010227  |g PSBO 
801 1 |a RU  |b 63413507  |c 20081210  |g PSBO 
801 2 |a RU  |b 63413507  |c 20201214  |g PSBO 
942 |c BK 
999 |a НТБ_ТПУ  |b НФ  |e -8/20100113  |p П-6307п  |s 1/20080414  |u 388,37  |v 1